| 000 | 00957nam a2200325 a 4500 | ||
|---|---|---|---|
| 008 | 200217e1993 ag ||||| |||| 00| 0 spa d | ||
| 020 | _a9879965604 | ||
| 041 | _aspa | ||
| 092 |
_c616.85 _l28 _sGAU |
||
| 100 | 1 |
_aGauthier, Jorge A. _94117 |
|
| 245 | 3 |
_aLa depresión, otros males y cómo combatirlos / _cJorge A. Gauthier |
|
| 250 | _a1a ed. | ||
| 260 |
_aBuenos Aires: _bEdiciones del Buen Ladrón; _c1993. |
||
| 300 | _a217 p. | ||
| 500 | _aGauthier, J. A. (1993). La depresión, otros males y cómo combatirlos. (1a ed.). Buenos Aires : Ediciones del Buen Ladrón. | ||
| 590 | _aDonacion | ||
| 653 | _aDepresion | ||
| 653 | _aFamilia | ||
| 653 | _aTrabajo | ||
| 653 | _aSuperacion | ||
| 653 | _aAnalisis hospital publico | ||
| 653 | _aHisteria | ||
| 653 | _aPsicosis | ||
| 653 | _aPsicoanalisis | ||
| 653 | _aEtica y psicoterapia | ||
| 653 | _aAborto | ||
| 653 | _aSociedad argentina | ||
| 653 | _aMorbilidad | ||
| 942 |
_2ddc _cBK |
||
| 999 |
_c3064 _d3064 |
||